| 000 | 01294namaa2200265 i 4500 | ||
|---|---|---|---|
| 001 | 174170 | ||
| 003 | ES-MaACL | ||
| 005 | 20250815105806.0 | ||
| 008 | 100301s1923 sp | |||| ||spa d | ||
| 040 |
_aSpMaBN _bspa _cSpMaBN _erdc |
||
| 080 | _a55(460.285) | ||
| 100 | 1 |
_aGómez de Llarena, Joaquín ( _d1891-1979) _957911 |
|
| 245 | 1 | 0 |
_aGuía geológica de los alrededores de Toledo / _cpor Joaquín Gómez de Llarena ; apéndice petrográfico por José Royo Gómez y Félix Pérez de Pedro ; prólogo por Eduardo Hernández-Pacheco. |
| 260 |
_aMadrid : _bJunta para Ampliación de Estudios e Investigaciones Científicas, _c1923 ( _fJiménez y Molina Imp.) |
||
| 300 |
_a59 p., XI h. de lám. : _bil. ; _c23 cm. |
||
| 490 | 1 |
_aTrabajos del Museo Nacional de Ciencias Naturales. Serie geológica ; _v31 |
|
| 650 | 4 |
_aGeología- _zToledo (Provincia) _9142261 |
|
| 700 | 1 |
_aRoyo Gómez, José, _d1895-1961 _9100228 |
|
| 700 | 1 |
_aPérez de Pedro, Félix. _9142262 |
|
| 700 | 1 |
_aHernández-Pacheco, Eduardo, _d1872-1965 _963012 |
|
| 710 | 2 |
_aJunta para la Ampliación de Estudios e Investigaciones Científicas. _95413 |
|
| 830 | 0 | 0 |
_aTrabajos del Museo Nacional de Ciencias Naturales. _pSerie geológica _v31 _9189286 |
| 852 |
_aES-MaACL _jB-13131(2) |
||
| 999 |
_c174170 _d174170 |
||